|
|
|
|
| LEADER |
00000naa2a2200000 4500 |
| 001 |
232558 |
| 005 |
20240613160537.0 |
| 035 |
|
|
|a (RuTPU)RU\TPU\book\253611
|
| 035 |
|
|
|a RU\TPU\book\253610
|
| 090 |
|
|
|a 232558
|
| 100 |
|
|
|a 20130214d2008 k y0engy50 ba
|
| 101 |
0 |
|
|a eng
|
| 102 |
|
|
|a RU
|
| 200 |
1 |
|
|a The low-temperature removal of hydrogen isotopes from submicrocrystalline Ti-6Al-4V-H alloy
|f N. N. Nikitenkov [et al.]
|
| 320 |
|
|
|a References: 10 tit.
|
| 330 |
|
|
|a Исследование влияния добавления водорода на деформацию и механические свойства двухфазных титановых сплавов проведено на примере титанового сплава Ti-6Al-4V в субмикрокристаллическом состоянии в области температур 773-1023 К. Изучено влияние потока электронов на выход водорода из сплава и стабильность СМКС структуры. Показано, что добавление водорода до 0.24 % масс при температуре выше 773 К приводит к росту его сопротивления и текучести в 2-3 раза и уменьшению склонности к разрушению в 1.5-2 раза. С ростом плотности тока с 3 до 30 мкА×см-2 интенсивность выхода водорода возрастает до 20 раз и при плотности тока 25-30 мкА×см-2 происходит нагрев образца до температуры более 673 К и рекристаллизация субмикронного состояния.
|
| 463 |
|
1 |
|0 144986
|t 9th International Conference on Modification of Materials with Particle Beams and Plasma Flows, Tomsk, 21-21September 2008
|9 th International Conference on Modification of Materials with Particle Beams and Plasma Flows, Tomsk, 21-21September 20082008
|p 733 p.
|9 144986
|a Koval, N. N. (specialist in the field of electronics ; 1948-)
|c Tomsk
|l [9 Международная конференция по модификации материалов пучками частиц и плазменными потоками, Томск, 21-26 сентября 2008 г.]
|n Publishing house of the IAO SB RAS
|o proceedings
|v P. 316-319
|y 9785944580900
|
| 610 |
1 |
|
|a труды учёных ТПУ
|
| 701 |
|
1 |
|a Nikitenkov
|b N. N.
|c Russian physicist
|c Professor of Tomsk Polytechnic University, Doctor of Physical and Mathematical Sciences
|f 1953-
|g Nikolai Nikolaevich
|3 (RuTPU)RU\TPU\pers\30409
|
| 701 |
|
1 |
|a Kudryavtzeva
|b E. N.
|
| 701 |
|
1 |
|a Chernov
|b I. P.
|c Doctor of Physical and Mathematical Sciences (DSc), Professor of the Department of General Physics of Tomsk Polytechnic University (TPU)
|f 1935-
|g Ivan Petrovich
|3 (RuTPU)RU\TPU\pers\30202
|9 14596
|
| 701 |
|
1 |
|a Tyurin
|b Yu. I.
|c physicist
|c Professor of Tomsk Polytechnic University, Doctor of physical and mathematical sciences (DSc).
|f 1950-
|g Yuri Ivanovich
|3 (RuTPU)RU\TPU\pers\29895
|9 14367
|
| 701 |
|
1 |
|a Grabovetzkaya
|b G. P.
|
| 701 |
|
1 |
|a Мельникова
|b Е. Н.
|c специалист в области наноструктурных материалов
|c аспирант Томского политехнического университета
|f 1981-
|g Екатерина Николаевна
|3 (RuTPU)RU\TPU\pers\25468
|9 11407
|
| 701 |
|
1 |
|a Melnikova
|b E. N.
|
| 801 |
|
1 |
|a RU
|b 63413507
|c 20091014
|
| 801 |
|
2 |
|a RU
|b 63413507
|c 20160202
|g RCR
|
| 942 |
|
|
|c BK
|